02123nam a2200385 i 4500001000700000003000900007005001700016008004100033040002500074080001100099100004600110245008500156246003100241246015000272250008800422260006500510300008300575500017600658505015400834530003500988596006401023597006701087597002501154597001701179597003401196599005301230650004701283700005101330752002501381852005701406856011401463942001401577999001901591952012701610152971ES-MaACL20250825063338.0931025e1729 sz |r 001 0 lat  aCAM bspa cES-MaACL a34"16"1 aCarleval, Tomás,d1576-1645eaut93527210aD. D. Thomae Carleualii Hispani ... Disputationes iuris variae... :bDe judiciis1 aDisputationes iuris variae1 aD. D. Carleualii De iudiciis de foro competenti, et legitima iudicum potestate, ac de iudiciis in genere, iudicio executiuo, & concurs creditorum aEditio novissima, prioribus emendatior, cui accedit tractatus de judicis de officio aColoniae Allobrogum : bsumptibus Fratrum de Touunes, c1729 a2 tomos en 1 volumen ([8], XXVI, 308, [32], [4], 244, [64] páginas) ; cFol. aTítulo en anteportada: D. D. Carleualii De iudiciis de foro competenti, et legitima iudicum potestate, ac de iudiciis in genere, iudicio executiuo, & concursu creditorum8 aT. 2: Continens titulos ultimos de iudiciis in genere, iudicio executiuo, & concursu creditorum; con portada, paginación y signaturización propia aDisponible en formato digital  aMarca tipográfica xilográfica en portadas: Papillon f.  aSign. : [ ]4, 2§-4§4, 5§¹, A-2D6, 2E8 ; [ ]¹, A-2B6, 2C4. aTexto a dos columnas aAnteportada  aPrimera portada a dos tintas  aPortada con grabado xilográfico: "Papillon S." 4aDerecho- vObras anteriores a 180092420171 aPapillon, Jean-Michel,d1698-1776eegr9155166 aAlemania -dColonia 4 aES-MaACLcDEPOdOlim: G-2213 jR-1543 xPergamino4 uhttps://bdh-rd.bne.es/viewer.vm?id=0000159522&page=1yVersión en línea z(Biblioteca Digital Hispánica) cMONANTn0 c152971d152971 001040708LIBXVIIIaATENEOMbATENEOMcDEPOd2008-01-17eSSCl0oR-1543p1159802r2023-02-23 00:00:00w2023-02-23yMONANT